000 01166nam a2200301Ia 4500
001 ebr10076720
003 CaPaEBR
006 m u
007 cr cn|||||||||
008 041116s2004 enk sb 001 0 eng d
020 _z0761951644
020 _z0761951652 (pbk.)
040 _aCaPaEBR
_cCaPaEBR
035 _a(OCoLC)228114283
050 1 4 _aBD331.A43
_b2004eb
100 1 _aAlasuutari, Pertti.
245 1 0 _aSocial theory and human reality
_h[electronic resource] /
_cPertti Alasuutari.
246 1 4 _aSocial theory & human reality
260 _aLondon ;
_aThousand Oaks, Calif. :
_bSage Publications,
_c2004.
300 _avi, 181 p.
504 _aIncludes bibliographical references (p. [169]-178) and index.
533 _aElectronic reproduction.
_bPalo Alto, Calif. :
_cebrary,
_d2009.
_nAvailable via World Wide Web.
_nAccess may be limited to ebrary affiliated libraries.
650 0 _aKnowledge, Sociology of.
650 0 _aReality.
655 7 _aElectronic books.
_2local
710 2 _aebrary, Inc.
856 4 0 _uhttp://site.ebrary.com/lib/rucke/Doc?id=10076720
_zAn electronic book accessible through the World Wide Web; click to view
999 _c72955
_d72955